00438nam a22001457a 4500003000500000038001800005082000800023100001700031245007100048264003500119300002400154650002400178700003300202856005700235NUST aNusrat Nadeem a200 aHANIF, RABIA aMulti Task Learning for Legal Judgement Prediction/cRABIA HANIF,  aIslamabad;bSEECS NUST;c2024. a84,p;bill;c30,cm. aMS-Computer Science aSupervisor: Dr. SEEMAB LATIF uhttp://10.250.8.41:8080/xmlui/handle/123456789/45433